Guess the random Taylor Swift Song Lyrics 18 - Statistics

General Stats
  • This quiz has been taken 11 times
  • The average score is 273 of 432
Answer Stats
Answer % Correct
a
100%
be
100%
I
100%
"I
100%
it
100%
say
100%
the
100%
The
100%
to
100%
was
100%
I'll
91%
in
91%
is
91%
Is
91%
of
91%
on
91%
that
91%
They
91%
they
91%
This
91%
this
91%
we
91%
when
91%
you
91%
You
91%
"you
91%
your
91%
Your
91%
you're
91%
don't
82%
hear
82%
it's
82%
It's
82%
know
82%
like
82%
me
82%
me)
82%
"no"
82%
one
82%
time
82%
What
82%
what
82%
all
73%
All
73%
And
73%
and
73%
at
73%
'Cause
73%
could
73%
loved
73%
them
73%
There
73%
there
73%
us
73%
would
73%
are
64%
ever
64%
knew
64%
(knew
64%
life
64%
now
64%
now"
64%
Now
64%
than
64%
you've
64%
Just
55%
just
55%
last
55%
"Look
55%
look
55%
"look
55%
made
55%
oh
55%
saw
55%
sweeter
55%
(sweeter
55%
Sweeter
55%
will
55%
you'll
55%
better
45%
eyes
45%
fiction
45%
fiction)
45%
got
45%
lost
45%
make
45%
many
45%
never
45%
once
45%
Only
45%
only
45%
thought
45%
yeah
45%
came
36%
coming
36%
eh
36%
feet
36%
forever
36%
(forever)
36%
heard
36%
light
36%
(ooh)
36%
pain
36%
right
36%
saying
36%
Seen
36%
seen
36%
something
36%
stand
36%
tall
36%
tall)
36%
won't
36%
10
27%
(10
27%
again
27%
along"
27%
along)
27%
call
27%
colors
27%
come
27%
crowd
27%
dark
27%
distance
27%
fall
27%
ground
27%
history
27%
Hit
27%
hit
27%
knees
27%
next
27%
(next
27%
onto
27%
perfect
27%
proud
27%
proud"
27%
remember
27%
rest
27%
running
27%
shot
27%
someday
27%
sound
27%
started
27%
weather
27%
wider
27%
crawl
18%
fade
18%
frame
18%
hopes
18%
name
18%
picture
18%
Proved
18%
proved
18%
put
18%
rain
18%
shattered
18%
sight
18%
slipped
18%
undone
18%
wrong
18%
Wish
9%
No matching quizzes found
Score Distribution
Percent of People with Each Score
Percentile by Number Answered
Your Score History
You have not taken this quiz